000 005470000a22002050004500
005 20170207112730.0
008 170207b xxu||||| |||| 00| 0 spa d
040 _aCO-BoIAVH
_cCO-BoIAVH
041 _aspa
090 _aMM
_b00229
100 1 _aAristizábal, Virginia
_971159
245 1 0 _aRutas de la guadua.
_cautora
257 _acolombia
264 _aPereira:
_c2002
300 _aCD-ROM
_b1
650 _aGuadua
_978949
651 _aColombia
_xEje Cafetero
_978950
700 1 _aLondoño, Luz Marina
_eautora
_978951
942 _cCD-ROM
_2z
999 _c16612
_d16612